[Event "Campobasso op 20th"]
[Site "Campobasso"]
[Date "2013.08.04"]
[Round "5"]
[White "Ambrosone, Antonio"]
[Black "Vena, Alessio"]
[Result "1/2-1/2"]
[WhiteElo "1901"]
[BlackElo "1918"]
[PlyCount "49"]
[EventDate "2013.08.02"]
[EventType "swiss"]
[EventRounds "6"]
[EventCountry "ITA"]
[SourceTitle "EXT 2015"]
[Source "ChessBase"]
[SourceDate "2014.11.20"]
[SourceVersion "1"]
[SourceVersionDate "2014.11.20"]
[SourceQuality "1"]

1. e4 d6 2. d4 Nf6 3. Nc3 e5 4. dxe5 dxe5 5. Qxd8+ Kxd8 6. Bc4 Ke8 7. Bg5 c6 8. a3 Nbd7 9. Nf3 b5 10. Bb3 a6 11. 0-0 Bc5 12. Rad1 Ke7 13. h3 Bb6 14. Bh4 Bc7 15. Bg3 Nh5 16. Bh2 h6 17. g4 Nf4 18. Bxf4 exf4 19. Nd4 Ne5 20. Nxc6+ Nxc6 21. Nd5+ Kd6 22. Nb6+ Ke7 23. Nd5+ Kd6 24. Nb6+ Ke7 25. Nd5+ 1/2-1/2

[Event "Napoli Parthenope op 4th"]
[Site "Napoli"]
[Date "2012.04.26"]
[Round "6"]
[White "Vena, Alessio"]
[Black "Buiano, Fabio"]
[Result "1-0"]
[WhiteElo "1898"]
[BlackElo "2054"]
[PlyCount "47"]
[EventDate "2012.03.22"]
[EventType "swiss"]
[EventRounds "7"]
[EventCountry "ITA"]
[SourceTitle "EXT 2018"]
[Source "ChessBase"]
[SourceDate "2017.10.13"]
[SourceVersion "1"]
[SourceVersionDate "2017.10.13"]
[SourceQuality "1"]

1. e4 c5 2. Nf3 g6 3. g3 Bg7 4. Bg2 Nc6 5. 0-0 e6 6. c3 d5 7. exd5 exd5 8. Re1+ Nge7 9. d4 cxd4 10. Nxd4 Nxd4 11. cxd4 0-0 12. Bg5 f6 13. Bf4 Kh8 14. Nc3 Bf5 15. Qb3 Qd7 16. Nxd5 Be6 17. Nb6 axb6 18. Rxe6 Nc6 19. Rd6 Qe7 20. Bxc6 bxc6 21. Rxc6 Qe4 22. d5 Rad8 23. Rd1 f5 24. Re6 1-0

[Event "Napoli Parthenope op 4th"]
[Site "Napoli"]
[Date "2012.04.19"]
[Round "4"]
[White "Vena, Alessio"]
[Black "Somma, Erminio"]
[Result "1-0"]
[WhiteElo "1898"]
[BlackElo "1597"]
[PlyCount "63"]
[EventDate "2012.03.22"]
[EventType "swiss"]
[EventRounds "7"]
[EventCountry "ITA"]
[SourceTitle "EXT 2018"]
[Source "ChessBase"]
[SourceDate "2017.10.13"]
[SourceVersion "1"]
[SourceVersionDate "2017.10.13"]
[SourceQuality "1"]

1. e4 d5 2. exd5 Qxd5 3. Nc3 Qa5 4. d4 Bf5 5. Nf3 e6 6. Bc4 c6 7. 0-0 Bd6 8. Bd2 Qc7 9. Re1 Nd7 10. Bb3 Ngf6 11. h3 0-0-0 12. Qe2 Rde8 13. Ne5 Bxe5 14. dxe5 Nd5 15. Na4 N5b6 16. Ba5 Kb8 17. c4 Qc8 18. Qe3 Nxa4 19. Bxa4 b6 20. Bb4 a5 21. Bd6+ Ka7 22. Qf3 Kb7 23. a3 Nc5 24. Bxc5 bxc5 25. Qe3 Qc7 26. Qxc5 f6 27. Rad1 Re7 28. Rd6 Kb8 29. Rxc6 Qa7 30. Rb6+ Rb7 31. Qd6+ Ka8 32. Ra6 1-0

[Event "Bisaccia op 3rd"]
[Site "Bisaccia"]
[Date "2011.06.03"]
[Round "2"]
[White "Dragojlovic, Andjelko"]
[Black "Vena, Alessio"]
[Result "1-0"]
[WhiteElo "2367"]
[BlackElo "1899"]
[PlyCount "61"]
[EventDate "2011.06.08"]
[EventType "swiss"]
[EventRounds "7"]
[EventCountry "ITA"]
[SourceTitle "EXT 2014"]
[Source "ChessBase"]
[SourceDate "2013.11.20"]
[SourceVersion "1"]
[SourceVersionDate "2013.11.20"]
[SourceQuality "1"]

1. Nf3 Nf6 2. g3 g6 3. Bg2 Bg7 4. 0-0 0-0 5. d3 d5 6. Nbd2 Nbd7 7. e4 e5 8. exd5 Nxd5 9. Re1 c6 10. Nc4 Qc7 11. a4 b6 12. h4 Bb7 13. h5 Rfe8 14. hxg6 hxg6 15. Ng5 Nc5 16. Qg4 f6 17. Nf3 Ne7 18. d4 Bc8 19. Qh4 Nf5 20. Qh1 Kf7 21. dxc5 Rh8 22. Nh4 g5 23. Bxc6 gxh4 24. g4 Nd4 25. Bxa8 Bxg4 26. Bd5+ Ke7 27. cxb6 axb6 28. Be3 Nxc2 29. Bxb6 Qd7 30. Bc5+ Ke8 31. Bc6 1-0

[Event "Alto Sangro op 10th"]
[Site "Castel di Sangro "]
[Date "2010.12.04"]
[Round "3"]
[White "Vena, Alessio"]
[Black "Grasso, Nino"]
[Result "1/2-1/2"]
[WhiteElo "1884"]
[BlackElo "1969"]
[PlyCount "128"]
[EventDate "2010.12.03"]
[EventType "swiss"]
[EventRounds "6"]
[EventCountry "ITA"]
[SourceTitle "EXT 2012"]
[Source "ChessBase"]
[SourceDate "2011.11.24"]
[SourceVersion "1"]
[SourceVersionDate "2011.11.24"]
[SourceQuality "1"]

1. e4 e5 2. Nf3 Nc6 3. Bc4 Nf6 4. Nc3 Be7 5. d3 d6 6. h3 Na5 7. Bb5+ c6 8. Ba4 b5 9. Bb3 Nxb3 10. axb3 Qc7 11. Bg5 0-0 12. 0-0 h6 13. Bxf6 Bxf6 14. Qe2 b4 15. Nd1 d5 16. Ne3 Re8 17. exd5 e4 18. dxe4 Rxe4 19. Qd3 Qf4 20. Nc4 Bf5 21. Qd2 cxd5 22. Qxf4 Rxf4 23. Ne3 Be4 24. Nd2 Bxb2 25. Ra2 Bd4 26. Nxe4 Bxe3 27. fxe3 Rxe4 28. Rd1 Rd8 29. Rxa7 Rxe3 30. Rb7 Re2 31. Rxb4 Rxc2 32. Rbd4 Rc5 33. b4 Rb5 34. Kf2 f6 35. Kf3 Kf7 36. g4 Ke6 37. Re1+ Kd6 38. Red1 Rdb8 39. Kg3 Ra8 40. Kf4 g6 41. h4 Ra2 42. Rb1 Rf2+ 43. Kg3 Rc2 44. Kf4 g5+ 45. hxg5 hxg5+ 46. Kf5 Rf2+ 47. Kg6 Ke5 48. Rd3 Rf4 49. Re1+ Re4 50. Rf1 Rxg4 51. Rxf6 Ke4 52. Rd1 d4 53. Re6+ Kd5 54. Kf5 Rf4+ 55. Kxg5 Rf2 56. Re8 Kc4+ 57. Kg4 Rxb4 58. Kg3 Rf5 59. Rd8 Kc3 60. Rc8+ Kb3 61. Rd3+ Ka4 62. Rd8 Rg5+ 63. Kf4 Rc5 64. R3xd4 Rcc4 1/2-1/2

[Event "Giugliano op 5th"]
[Site "Giugliano"]
[Date "2010.09.25"]
[Round "2"]
[White "Bianco, Raffaele"]
[Black "Vena, Alessio"]
[Result "1-0"]
[WhiteElo "2090"]
[BlackElo "1882"]
[PlyCount "67"]
[EventDate "2010.09.24"]
[EventType "swiss"]
[EventRounds "5"]
[EventCountry "ITA"]
[SourceTitle "EXT 2024"]
[Source "ChessBase"]
[SourceDate "2023.10.10"]
[SourceVersion "1"]
[SourceVersionDate "2023.10.10"]
[SourceQuality "1"]

1. e4 e5 2. Nf3 Nc6 3. Bb5 Nd4 4. Nxd4 exd4 5. d3 c6 6. Bc4 d5 7. Bb3 Bc5 8. 0-0 Ne7 9. exd5 cxd5 10. c3 0-0 11. Nd2 dxc3 12. bxc3 Be6 13. Re1 Qa5 14. Bb2 Rac8 15. Nf3 Qa6 16. a4 h6 17. d4 Bd6 18. Ne5 Nc6 19. f4 Nxe5 20. fxe5 Be7 21. Bc2 Rc7 22. Bd3 Qa5 23. Rb1 Rfc8 24. Ba1 a6 25. Kh1 Rb8 26. Bc2 Bf8 27. h4 g6 28. g4 b5 29. h5 g5 30. Qd3 Bg7 31. Qh7+ Kf8 32. Bf5 Qb6 33. Bb2 b4 34. Ba3 1-0

[Event "Campobasso op-A 17th"]
[Site "Campobasso"]
[Date "2010.07.24"]
[Round "4"]
[White "Crafa, Carmine"]
[Black "Vena, Alessio"]
[Result "1/2-1/2"]
[WhiteElo "1856"]
[BlackElo "1900"]
[PlyCount "69"]
[EventDate "2010.07.22"]
[EventType "swiss"]
[EventRounds "6"]
[EventCountry "ITA"]
[SourceTitle "EXT 2013"]
[Source "ChessBase"]
[SourceDate "2012.11.22"]
[SourceVersion "1"]
[SourceVersionDate "2012.11.22"]
[SourceQuality "1"]

1. e4 e5 2. Nf3 Nc6 3. d4 exd4 4. Nxd4 Bc5 5. Be3 Qf6 6. c3 d6 7. Bc4 Ne5 8. Bb3 Qg6 9. Rg1 Qxe4 10. Bc2 Qg4 11. Qxg4 Nxg4 12. Nd2 Nxe3 13. fxe3 Nf6 14. Nc4 d5 15. Nd2 0-0 16. 0-0-0 Re8 17. Rde1 Bd7 18. e4 dxe4 19. Nxe4 Nxe4 20. Bxe4 c6 21. Rgf1 Bxd4 22. cxd4 Be6 23. Bc2 Rad8 24. Rf4 Bd5 25. Rxe8+ Rxe8 26. Rf2 g6 27. a3 a5 28. Kd2 b5 29. g3 a4 30. Bb1 f5 31. Bc2 Kf7 32. g4 Be4 33. gxf5 gxf5 34. Bxe4 Rxe4 35. Rxf5+ 1/2-1/2